000 00301nam a22001337a 4500
008 171020b xxu||||| |||| 00| 0 eng d
020 _a9781423901471
041 _aeng
080 _a338
100 _a54
101 _aMNG
245 _aCONCEPTS OF DATABASE MANAGEMENT
_cPRATT, P.J
942 _2udc
_cBK
999 _c35155
_d35155